| 000 -LEADER |
| fixed length control field |
01379 a2200265 4500 |
| 003 - CONTROL NUMBER IDENTIFIER |
| control field |
Nust |
| 005 - DATE AND TIME OF LATEST TRANSACTION |
| control field |
20220720143654.0 |
| 010 ## - LIBRARY OF CONGRESS CONTROL NUMBER |
| LC control number |
97049834 |
| 020 ## - INTERNATIONAL STANDARD BOOK NUMBER |
| International Standard Book Number |
9814126888 |
| 040 ## - CATALOGING SOURCE |
| Transcribing agency |
Nust |
| 082 00 - DEWEY DECIMAL CLASSIFICATION NUMBER |
| Classification number |
003.54,PLE |
| 100 1# - MAIN ENTRY--PERSONAL NAME |
| Personal name |
Pless, Vera. |
| 9 (RLIN) |
60874 |
| 245 10 - TITLE STATEMENT |
| Title |
Introduction to the theory of error-correcting codes / |
| Statement of responsibility, etc. |
Vera Pless. |
| 250 ## - EDITION STATEMENT |
| Edition statement |
3rd ed. |
| 260 ## - PUBLICATION, DISTRIBUTION, ETC. |
| Place of publication, distribution, etc. |
New York : |
| Name of publisher, distributor, etc. |
Wiley, |
| Date of publication, distribution, etc. |
1998. |
| 300 ## - PHYSICAL DESCRIPTION |
| Extent |
xii, 207 p. : |
| Other physical details |
ill. ; |
| Dimensions |
24 cm. |
| 440 #0 - SERIES STATEMENT/ADDED ENTRY--TITLE |
| Title |
Wiley-Interscience series in discrete mathematics and optimization |
| 9 (RLIN) |
94108 |
| 505 ## - FORMATTED CONTENTS NOTE |
| Formatted contents note |
Introduction Concepts (Page-1), useful Background (Page-17), A Double Error Correcting BCH Code and a Finite Field of 16 Elements (Page-39), Finite Fields (Page-51), Cyclic Codes (Page-67), Group a Code and Quadratic Residue (QR) Codes (Page-85), Bose Chaudhuri Hocquenghem (BCH) Codes (Page-109), Weight Distributions (Page-123), Design And Games (Page-143), Some Codes Are Unique (Page-169), |
| 538 ## - SYSTEM DETAILS NOTE |
| System details note |
Almirah No.1 and Shelf No.4 |
| 650 #0 - SUBJECT ADDED ENTRY--TOPICAL TERM |
| Topical term or geographic name entry element |
Error-correcting codes (Information theory) |
| 9 (RLIN) |
24227 |
| 856 42 - ELECTRONIC LOCATION AND ACCESS |
| Materials specified |
Contributor biographical information |
| Uniform Resource Identifier |
<a href="http://www.loc.gov/catdir/bios/wiley042/97049834.html">http://www.loc.gov/catdir/bios/wiley042/97049834.html</a> |
| 856 42 - ELECTRONIC LOCATION AND ACCESS |
| Materials specified |
Publisher description |
| Uniform Resource Identifier |
<a href="http://www.loc.gov/catdir/description/wiley034/97049834.html">http://www.loc.gov/catdir/description/wiley034/97049834.html</a> |
| 856 42 - ELECTRONIC LOCATION AND ACCESS |
| Materials specified |
Table of Contents |
| Uniform Resource Identifier |
<a href="http://www.loc.gov/catdir/toc/onix05/97049834.html">http://www.loc.gov/catdir/toc/onix05/97049834.html</a> |
| 942 ## - ADDED ENTRY ELEMENTS (KOHA) |
| Source of classification or shelving scheme |
|
| Koha item type |
Book |
| Call number prefix |
003.54,PLE |